000 01401cam a22003857a 4500
003 CHAP
005 20220329142412.0
008 001128d2000 es a r 00010 esp d
010 _a82982
011 _a83954
020 _a8428326479
035 _a94473
040 _cCHAP
082 0 4 _a681.763
_bD4
100 0 0 _aDeVere Burton, L.
_932311
245 1 0 _aAgrociencia y tecnología
_c/por L. DeVere Burton
260 _aMadrid, España :
_bParaninfo,
_c2000
300 _a304 p. :
_bilus.
500 _aTrad. de : Agriscience & Technology
590 _aBATCH-UPD
_b10
_c20130110
_lUCH01
_h1245
590 _aBATCH-UPD
_b10
_c20130410
_lUCH01
_h0810
590 _aBATCH-UPD
_b10
_c20130914
_lUCH01
_h0057
590 _aBATCH-UPD
_b10
_c20130914
_lUCH01
_h2134
590 _aBATCH-UPD
_b10
_c20140805
_lUCH01
_h1148
590 _aCONVERSION
_b10
_c20130109
_lUCH01
_h1346
650 1 4 _aAgricultura
_xInnovaciones tecnológicas.
_91565
650 1 4 _aAgricultura
_xInvestigación.
_91577
650 1 4 _aAgricultura
_xTransferencia de tecnología.
_91885
901 _aBK
905 _aMayto Villalobos S.
942 _cLIBRO
949 _a681.763 D4
_bBC
_cLIBRO
_d33724000800223
_eLIBRO
_gI. 208328
_h98226
_i94473
_si
_t$ 256.70
949 _a681.763 D4
_bBC
_cLIBRO
_d33724000974788
_eLIBRO
_fc.2
_gI.c/e
_h106061
_i94473
_si
_t$306.00
949 _a681.763 D4
_bBC
_cLIBRO
_d33724002164040
_eLIBRO
_fc.3
_h68411 Sust.
_i94473
_st
999 _c82982
_d82982